| 000 | 00421nam a2200181Ia 4500 | ||
|---|---|---|---|
| 008 | 230711s9999||||xx |||||||||||||| ||und|| | ||
| 020 | _a978-93-325-1900-8 | ||
| 041 | _aENG | ||
| 082 |
_a530.12 _bSA-M |
||
| 100 | _aSakurai,J.J | ||
| 245 | 0 | _aModern Quantum Mechanics | |
| 250 | _a2nd Ed. | ||
| 260 |
_c2014 _aNew Delhi _bPearson |
||
| 300 | _a520p. | ||
| 650 | _aPhysics | ||
| 700 | _aNapolitano,Jim J | ||
| 942 | _cBK | ||
| 999 |
_c6762 _d6762 |
||